000 01234nam0a2200301 4500
001 RU\NLR\bibl\1414971
005 20250615212503.0
021 _aRU
_b2009-2398и
_9148и
035 _a(NLR Aleph) 001406939
090 _a1257967
_c1257967
100 _a20090921d2008 |||y0rusy50 ca
101 0 _arus
_aeng
102 _aRU
105 _aa |||||||||
200 1 _aВолшебство московских вод
_dMagic of the Moscow waters
_e[фотоальбом
_fфот.: И. Бландова и др.
_gавт. текста: А. Бобров]
_zeng
210 _aМосква
_cЭкспомир
_d2008
215 _a160 с.
_cцв. ил.
_d24х31
300 _aТекст парал. на рус. и англ. яз.
510 1 _aMagic of the Moscow waters
_zeng
607 _aМосква, город
_jФотоальбомы
_xАрхитектура
_91019623
_3RU\NLR\auth\6671729
607 _aМосква, город
_jФотоальбомы
_xв изобразительном искусстве
_91208948
_3RU\NLR\auth\66490548
686 _aЩ103(0)-3я6
686 _aЩ113(2Р=Рус)92Москва
801 0 _aRU
_bNLR
_c20090921
_gRCR
801 1 _aRU
_bNLR
_c20090921
942 _cBOOK
980 _aNB